Sports Quiz

Random Sports or Olympics Quiz

Sports by Emoji Quiz Stats

 Plays Quiz Updated Aug 28, 2019

Support Sporcle.
Go Orange.
Score 0/24 Timer 04:00
0 Plays Today
Hint Answer % Correct
American Football
94.9%
Basketball
94.7%
Boxing
94%
Baseball
93.7%
Bowling
92.4%
Soccer
92.2%
Billiards
91.9%
Ice Hockey
91.8%
Tennis
91.7%
Cycling
91.3%
Table Tennis
91%
Surfing
90.8%
Hint Answer % Correct
Archery
90.7%
Equestrian
88.6%
Snowboarding
87.3%
Volleyball
86.7%
Skiing
86.3%
Fencing
85.4%
Weightlifting
84.7%
Badminton
84.5%
Cricket
83.9%
Rugby
82.8%
Curling
78.7%
Handball
64.1%

You're not logged in!

Compare scores with friends on all Sporcle quizzes.
OR
Log In

From the Vault

Hysterical Celebrities

by druhutch

Someone must have slipped these famous people some laughing gas.
Remove Ads.
Support Sporcle.
Get the best of Sporcle when you Go Orange. This ad-free experience offers more features, more stats, and more fun while also helping to support Sporcle. Thank you for becoming a member.

Show Comments

Extras

Top Quizzes Today


Score Distribution

Your Account Isn't Verified!

In order to create a playlist on Sporcle, you need to verify the email address you used during registration. Go to your Sporcle Settings to finish the process.

Report this User

Report this user for behavior that violates our Community Guidelines.

Details: